00988nam a2200265 a 4500001000400000003001000004005001700014008004100031020001800072040002500090080001600115090002500131100005100156245007800207250001100285260003900296300002000335504002500355650003500380650004000415942001200455952012100467952012100588999001300709522BR-CuiBMT20231129055731.0231108s2015 mgb 000 0 por d a9788545000709 aBR-CuiBMTcBR-CuiBMT 22007a342.9 a342.9bB624mc6. ed.1 aBittencourt, Marcus Vinicius Corrêa, d1970-10aManual de direito administrativo /cMarcus Vinicius Corrêa Bittencourt. a6. ed. aBelo Horizonte : bFórum,c2015. a215 p. ;c22 cm aInclui bibliografia. aDireito administrativozBrasil aAdministração públicazBrasil 2udccLV 00102udc4070aBIBTCEMTbBIBTCEMTd2023-11-08l0o342.9 B624mpBIBTCEMT23110291r2023-11-08tEx. 1w2023-11-08yLV 00102udc4070aBIBTCEMTbBIBTCEMTd2023-11-08l0o342.9 B624mpBIBTCEMT23110292r2023-11-08tEx. 2w2023-11-08yLV c522d522